Molecular evolution
Gespeichert in:
| Hauptverfasser: | , , , , , |
|---|---|
| Format: | Buch |
| Sprache: | Englisch |
| Veröffentlicht: |
Berlín
Springer
1996
|
| Schriftenreihe: | Biomathematics, 24
|
| Schlagworte: | |
| Tags: |
Tag hinzufügen
Keine Tags, Fügen Sie den ersten Tag hinzu!
|
MARC
| LEADER | 00000nam a2200000 a 4500 | ||
|---|---|---|---|
| 001 | UCT8259 | ||
| 003 | CL-VaPUC | ||
| 008 | 970326e19960000GW |||||||||||||||||eng|d | ||
| 082 | 0 | 4 | |a 571.6 |b RAT |2 21 |
| 100 | 0 | |a Ratner, Vadim A |e author |9 379876 | |
| 700 | 0 | |a Zharkikh, Andrey A |e author |9 379877 | |
| 700 | 0 | |a Kolchanov, Nikolay |e author |9 379878 | |
| 700 | 0 | |a Rodin, Sergey N |e author |9 379879 | |
| 700 | 0 | |a Solovyov, Viktor V |e author |9 379880 | |
| 700 | 0 | |a Antonov, Andrey S |e author |9 379881 | |
| 245 | 1 | 0 | |a Molecular evolution |
| 300 | |a 433 p | ||
| 942 | |c BK | ||
| 945 | |d 19970326 00:00:00 |a nastorga | ||
| 260 | |a Berlín |b Springer |c 1996 | ||
| 650 | 0 | |a Citología |9 261432 | |
| 650 | 0 | |a Biología molecular |9 269677 | |
| 650 | 0 | |a Filosofía |9 223554 | |
| 650 | 0 | |a Evolución |9 259442 | |
| 650 | 0 | |a Moléculas |9 259584 | |
| 650 | 0 | |a Genética molecular |9 269770 | |
| 650 | 0 | |a Genes |9 330314 | |
| 650 | 7 | |a PROTEINAS |2 CL-VaPUC |9 379882 | |
| 650 | 0 | |a Bioquímica |9 259492 | |
| 583 | |a last modification |c 19970326 00:00:00 |k Rodrigo Vera | ||
| 490 | 0 | |a Biomathematics, 24 | |
| 999 | |c 256775 |d 256773 | ||
| 952 | |0 0 |1 0 |4 0 |6 571_600000000000000_RAT_1996 |7 0 |8 A |9 279741 |a BIBMAT |b BIBMAT |d 2019-11-19 |i 329336K |o 571.6 RAT 1996 |p 329336K |r 2025-01-07 |w 2019-11-19 |y BK |k MAT | ||